[Event "CZE-chT2E 2223"]
[Site "Czech Republic"]
[Date "2023.01.08"]
[Round "6.5"]
[White "Krejci, Jan"]
[Black "Michalcak, Lubomir"]
[Result "1-0"]
[WhiteElo "2036"]
[BlackElo "2021"]
[PlyCount "105"]
[EventDate "2022.10.16"]
[EventType "team-tourn"]
[EventRounds "11"]
[EventCountry "CZE"]
[SourceTitle "EXT 2024"]
[Source "ChessBase"]
[SourceDate "2023.10.10"]
[SourceVersion "1"]
[SourceVersionDate "2023.10.10"]
[SourceQuality "1"]
[WhiteTeam "Litovel Tatran"]
[BlackTeam "Znojmo"]
[WhiteTeamCountry "CZE"]
[BlackTeamCountry "CZE"]

1. Nf3 Nf6 2. c4 g6 3. b3 Bg7 4. Bb2 0-0 5. g3 c6 6. Bg2 d6 7. 0-0 e5 8. d3 Nbd7 9. e4 Qb6 10. Nc3 Nc5 11. h3 a5 12. Rb1 h6 13. Kh2 Kh7 14. Qe2 Nh5 15. Ba3 Be6 16. Qe3 Qd8 17. Rbd1 Na6 18. d4 exd4 19. Nxd4 Nb4 20. Bb2 Qe7 21. f4 Rae8 22. Qd2 Bc8 23. a3 Na6 24. Na4 Qc7 25. Bc3 b6 26. Ne2 Rd8 27. Bxg7 Nxg7 28. Nec3 Ne6 29. f5 Nec5 30. fxg6+ Kxg6 31. Qf2 f6 32. Ne2 Nxa4 33. bxa4 Nc5 34. Nf4+ Kg7 35. Qc2 f5 36. Ne2 fxe4 37. Bxe4 Kg8 38. Bxc6 Qxc6 39. Qg6+ Kh8 40. Qxh6+ Kg8 41. Qg6+ Kh8 42. Rd5 Qxd5 43. Rxf8+ Rxf8 44. cxd5 Rf2+ 45. Kg1 Rf8 46. Qxd6 Nd7 47. Qh6+ Kg8 48. Qg6+ Kh8 49. Nf4 Nf6 50. Qh6+ Kg8 51. Ng6 Re8 52. d6 Be6 53. Qh8+ 1-0

[Event "Tatry op"]
[Site "Tatranske Zruby"]
[Date "2016.09.29"]
[Round "7"]
[White "Janko, Michal"]
[Black "Michalcak, Lubomir"]
[Result "1-0"]
[WhiteElo "2239"]
[BlackElo "2020"]
[PlyCount "61"]
[EventDate "2016.09.24"]
[EventType "swiss"]
[EventRounds "9"]
[EventCountry "SVK"]
[SourceTitle "CBM 174 Extra"]
[Source "ChessBase"]
[SourceDate "2016.10.10"]
[SourceVersion "1"]
[SourceVersionDate "2016.10.10"]
[SourceQuality "1"]

1. e4 c6 2. d4 d5 3. Nd2 dxe4 4. Nxe4 Bf5 5. Ng3 Bg6 6. h4 h6 7. Nf3 Nd7 8. h5 Bh7 9. Bd3 Bxd3 10. Qxd3 e6 11. Bd2 Ngf6 12. 0-0-0 Qc7 13. Ne4 Nxe4 14. Qxe4 Nf6 15. Qe2 0-0-0 16. g3 Bd6 17. c4 c5 18. Bc3 cxd4 19. Nxd4 Bc5 20. Kb1 Qb6 21. Nb3 Bxf2 22. c5 Qc6 23. Qxf2 Ne4 24. Qe3 Rd7 25. Na5 Qa4 26. Rxd7 Kxd7 27. Re1 f5 28. c6+ bxc6 29. Qxa7+ Ke8 30. Qb8+ Kf7 31. Qc7+ 1-0

[Event "Tatry op"]
[Site "Tatranske Zruby"]
[Date "2016.09.28"]
[Round "6"]
[White "Michalcak, Lubomir"]
[Black "Pcola, Pavol"]
[Result "1/2-1/2"]
[WhiteElo "2020"]
[BlackElo "2392"]
[PlyCount "89"]
[EventDate "2016.09.24"]
[EventType "swiss"]
[EventRounds "9"]
[EventCountry "SVK"]
[SourceTitle "CBM 174 Extra"]
[Source "ChessBase"]
[SourceDate "2016.10.10"]
[SourceVersion "1"]
[SourceVersionDate "2016.10.10"]
[SourceQuality "1"]

1. d4 d5 2. c4 e6 3. Nc3 Nf6 4. cxd5 exd5 5. Bg5 c6 6. e3 h6 7. Bh4 Be7 8. Bd3 0-0 9. Qc2 Re8 10. Nf3 Nbd7 11. 0-0 Ne4 12. Bxe7 Qxe7 13. Rab1 Ndf6 14. h3 Bf5 15. b4 a5 16. b5 Rac8 17. Qb3 Nc5 18. Nxd5 cxd5 19. dxc5 Bxd3 20. Qxd3 Qxc5 21. Rfd1 Qc2 22. Nd4 Qxd3 23. Rxd3 Rc4 24. Rbd1 g6 25. f3 Rec8 26. Kf2 Ra4 27. a3 Nd7 28. Ne2 Nb6 29. Nf4 Rc2+ 30. Kg3 Rb2 31. Nxd5 Nxd5 32. Rxd5 Rxa3 33. Rd7 Rxb5 34. Re7 Rg5+ 35. Kf4 Rf5+ 36. Kg3 Rg5+ 37. Kf4 Rf5+ 38. Kg3 Rb3 39. Rdd7 a4 40. e4 Rf6 41. e5 Rf5 42. e6 fxe6 43. Re8+ Rf8 44. Ree7 Rf5 45. Re8+ 1/2-1/2

[Event "Tabor op"]
[Site "Tabor"]
[Date "2013.08.02"]
[Round "7"]
[White "Zakoucka, Adela"]
[Black "Michalcak, Lubomir"]
[Result "0-1"]
[WhiteElo "1994"]
[BlackElo "2074"]
[PlyCount "46"]
[EventDate "2013.07.28"]
[EventType "swiss"]
[EventRounds "9"]
[EventCountry "CZE"]
[SourceTitle "CBM 155 Extra"]
[Source "ChessBase"]
[SourceDate "2013.08.26"]
[SourceVersion "1"]
[SourceVersionDate "2013.08.26"]
[SourceQuality "1"]

1. d4 Nf6 2. c4 g6 3. Nc3 Bg7 4. e4 0-0 5. Nf3 d6 6. Be2 e5 7. Be3 Nc6 8. d5 Ne7 9. Nd2 Nd7 10. b4 f5 11. f3 Nf6 12. c5 fxe4 13. fxe4 h5 14. h3 Kh7 15. g4 Nexd5 16. Nxd5 Nxd5 17. Bf2 Rxf2 18. exd5 Qh4 19. Nc4 Bh6 20. Qa4 Rh2+ 21. Kd1 Rxh1+ 22. Kc2 Rxa1 23. Kb2 Qe1 0-1

[Event "CZE-chT2E 1011"]
[Site "Czech Republic"]
[Date "2011.03.27"]
[Round "10.6"]
[White "Michalcak, Lubomir"]
[Black "Holman, Radek"]
[Result "1-0"]
[WhiteElo "2087"]
[BlackElo "1928"]
[PlyCount "119"]
[EventDate "2010.10.17"]
[EventType "team-tourn"]
[EventRounds "11"]
[EventCountry "CZE"]
[SourceTitle "EXT 2012"]
[Source "ChessBase"]
[SourceDate "2011.11.24"]
[SourceVersion "1"]
[SourceVersionDate "2011.11.24"]
[SourceQuality "1"]
[WhiteTeam "Znojmo"]
[BlackTeam "Postoupky"]
[WhiteTeamCountry "CZE"]
[BlackTeamCountry "CZE"]

1. d4 Nf6 2. c4 c5 3. d5 b5 4. cxb5 a6 5. bxa6 Bxa6 6. Nc3 d6 7. Nf3 g6 8. e4 Bxf1 9. Kxf1 Bg7 10. h3 0-0 11. Kg1 Nbd7 12. Kh2 Ra6 13. Re1 Qa8 14. Re2 Rb8 15. Rc2 Ne8 16. Qe2 Nc7 17. Bd2 Rab6 18. Bg5 Kf8 19. Qd2 c4 20. Bh6 Nc5 21. Qd4 f6 22. Bxg7+ Kxg7 23. Rb1 Qa6 24. e5 Nd3 25. exf6+ exf6 26. Ne4 Ne5 27. Nxe5 fxe5 28. Qxc4 Qxc4 29. Rxc4 Nxd5 30. Rd1 Nf4 31. Rc7+ Kh6 32. g4 g5 33. Nxd6 Kg6 34. Nc4 Re6 35. Rdd7 Rg8 36. Rxh7 e4 37. Ne3 Nd3 38. Nf5 Kf6 39. Rc2 Ke5 40. a3 Ne1 41. Rc5+ Kf6 42. Nd4 Rd6 43. Rh6+ Rg6 44. Rxg6+ Kxg6 45. Rc6 Rxc6 46. Nxc6 Nd3 47. b4 Nxf2 48. b5 Nd3 49. b6 e3 50. Nd4 Nc5 51. Kg2 Kf6 52. Kf3 e2 53. Kxe2 Ke5 54. Nc6+ Kf4 55. Nd8 Kg3 56. b7 Na6 57. Nc6 Kxh3 58. Kf3 Kh2 59. b8Q+ Nxb8 60. Nxb8 1-0

[Event "CZE-chT2E 1011"]
[Site "Czech Republic"]
[Date "2011.01.23"]
[Round "6.6"]
[White "Navratil, Josef2222"]
[Black "Michalcak, Lubomir"]
[Result "1/2-1/2"]
[WhiteElo "2053"]
[BlackElo "2087"]
[PlyCount "68"]
[EventDate "2010.10.17"]
[EventType "team-tourn"]
[EventRounds "11"]
[EventCountry "CZE"]
[SourceTitle "EXT 2012"]
[Source "ChessBase"]
[SourceDate "2011.11.24"]
[SourceVersion "1"]
[SourceVersionDate "2011.11.24"]
[SourceQuality "1"]
[WhiteTeam "Veseli nad Moravou"]
[BlackTeam "Znojmo"]
[WhiteTeamCountry "CZE"]
[BlackTeamCountry "CZE"]

1. b4 e5 2. Bb2 Bxb4 3. Bxe5 Nf6 4. e3 0-0 5. Nf3 d5 6. c3 Ba5 7. Qa4 Bb6 8. Qh4 Nbd7 9. Bf4 c5 10. Bb5 Ne4 11. Qxd8 Rxd8 12. d3 Nef6 13. Nbd2 Ba5 14. Rc1 a6 15. Bxd7 Nxd7 16. Nb3 Bb6 17. Nfd2 f6 18. c4 Ne5 19. Bxe5 fxe5 20. cxd5 Rxd5 21. Ke2 Be6 22. Ne4 Rc8 23. Rc3 Ba7 24. Rhc1 b6 25. d4 exd4 26. exd4 Bf5 27. f3 Re8 28. dxc5 bxc5 29. Nbxc5 Bxc5 30. Rxc5 Bxe4 31. fxe4 Rxe4+ 32. Kf3 Rxc5 33. Rxc5 Ra4 34. Rc2 Kf7 1/2-1/2

[Event "CZE-chT2E 1011"]
[Site "Czech Republic"]
[Date "2010.11.21"]
[Round "3.7"]
[White "Rachunek, Milan"]
[Black "Michalcak, Lubomir"]
[Result "1/2-1/2"]
[WhiteElo "2001"]
[BlackElo "2087"]
[PlyCount "29"]
[EventDate "2010.10.17"]
[EventType "team-tourn"]
[EventRounds "11"]
[EventCountry "CZE"]
[SourceTitle "EXT 2012"]
[Source "ChessBase"]
[SourceDate "2011.11.24"]
[SourceVersion "1"]
[SourceVersionDate "2011.11.24"]
[SourceQuality "1"]
[WhiteTeam "Stare Mesto II"]
[BlackTeam "Znojmo"]
[WhiteTeamCountry "CZE"]
[BlackTeamCountry "CZE"]

1. d4 Nf6 2. Nc3 d5 3. Bg5 e6 4. e4 dxe4 5. Nxe4 Be7 6. Bxf6 Bxf6 7. Nf3 0-0 8. Qd2 b6 9. Nxf6+ Qxf6 10. Bd3 Bb7 11. Ng5 g6 12. 0-0-0 h6 13. Be4 Nc6 14. Nf3 Qg7 15. Qc3 1/2-1/2

[Event "CZE-chT2E 1011"]
[Site "Czech Republic"]
[Date "2010.10.17"]
[Round "1.6"]
[White "Michalcak, Lubomir"]
[Black "Pise, Jan"]
[Result "1/2-1/2"]
[WhiteElo "2087"]
[BlackElo "2087"]
[PlyCount "88"]
[EventDate "2010.10.17"]
[EventType "team-tourn"]
[EventRounds "11"]
[EventCountry "CZE"]
[SourceTitle "EXT 2012"]
[Source "ChessBase"]
[SourceDate "2011.11.24"]
[SourceVersion "1"]
[SourceVersionDate "2011.11.24"]
[SourceQuality "1"]
[WhiteTeam "Znojmo"]
[BlackTeam "Adamov"]
[WhiteTeamCountry "CZE"]
[BlackTeamCountry "CZE"]

1. d4 d5 2. c4 c6 3. Nf3 Nf6 4. Nc3 e6 5. cxd5 exd5 6. Bg5 Be7 7. Qc2 Bg4 8. e3 Nbd7 9. Bd3 Bh5 10. 0-0-0 0-0 11. Rdg1 Bg6 12. Bxg6 hxg6 13. g4 b5 14. h4 b4 15. Ne2 Ne4 16. Bxe7 Qxe7 17. Ng3 c5 18. Kb1 Rfe8 19. dxc5 Ndxc5 20. Nxe4 dxe4 21. Nd4 Rec8 22. g5 a5 23. Rc1 a4 24. Qe2 b3 25. a3 Nd3 26. Rxc8+ Rxc8 27. f3 Qe5 28. f4 Nxf4 29. Qa6 Rc7 30. Qxa4 Nd3 31. Qxb3 Qg3 32. h5 Qg2 33. Rd1 Kh7 34. hxg6+ fxg6 35. Ne6 Rc8 36. Nf4 Nxf4 37. exf4 e3 38. Re1 Qe4+ 39. Ka2 Re8 40. Qb5 Re7 41. Qb4 Qe6+ 42. Qb3 Qe4 43. Qb4 Qe6+ 44. Qb3 Qe4 1/2-1/2

[Event "Tatry op"]
[Site "Tatranske Zruby"]
[Date "2010.10.06"]
[Round "6"]
[White "Dobrowolski, Henryk"]
[Black "Michalcak, Lubomir"]
[Result "1-0"]
[WhiteElo "1871"]
[BlackElo "2101"]
[PlyCount "65"]
[EventDate "2010.10.02"]
[EventType "swiss"]
[EventRounds "9"]
[EventCountry "SVK"]
[SourceTitle "CBM 138 Extra"]
[Source "ChessBase"]
[SourceDate "2010.10.29"]
[SourceVersion "1"]
[SourceVersionDate "2010.10.29"]
[SourceQuality "1"]

1. d4 Nf6 2. c4 g6 3. Nc3 Bg7 4. e4 0-0 5. Be3 d6 6. h3 Nbd7 7. Bd3 e5 8. d5 Nc5 9. Bc2 a5 10. Nge2 Ne8 11. g4 f5 12. exf5 gxf5 13. gxf5 Bxf5 14. Bxf5 Rxf5 15. Ng3 Rf7 16. Nce4 Rf4 17. Nxc5 dxc5 18. Bxf4 exf4 19. Nf5 Bxb2 20. Rg1+ Kh8 21. Rb1 Qf6 22. Qc2 Bc3+ 23. Kf1 b6 24. Rg4 Be5 25. Re1 Nd6 26. Nxd6 cxd6 27. Qe4 Qh6 28. Qf3 Rb8 29. Rb1 Qf6 30. Qe4 f3 31. Rh4 h6 32. Rb3 Rf8 33. Rxf3 1-0

[Event "Tatry op"]
[Site "Tatranske Zruby"]
[Date "2010.10.04"]
[Round "3"]
[White "Michalcak, Lubomir"]
[Black "Sikora, Jan"]
[Result "1/2-1/2"]
[WhiteElo "2101"]
[BlackElo "2240"]
[PlyCount "46"]
[EventDate "2010.10.02"]
[EventType "swiss"]
[EventRounds "9"]
[EventCountry "SVK"]
[SourceTitle "CBM 138 Extra"]
[Source "ChessBase"]
[SourceDate "2010.10.29"]
[SourceVersion "1"]
[SourceVersionDate "2010.10.29"]
[SourceQuality "1"]

1. d4 Nf6 2. c4 g6 3. Nc3 d5 4. cxd5 Nxd5 5. e4 Nxc3 6. bxc3 Bg7 7. Bc4 c5 8. Ne2 0-0 9. 0-0 Nc6 10. Be3 cxd4 11. cxd4 b6 12. Rc1 Bb7 13. Qd2 Rc8 14. Rfd1 Qd6 15. Bh6 Na5 16. Bxg7 Kxg7 17. Bd3 Rxc1 18. Rxc1 Rc8 19. Rxc8 Bxc8 20. Qc3 Bb7 21. d5+ Kg8 22. Nd4 a6 23. h3 Qd7 1/2-1/2

[Event "CZE-chT2E 0910"]
[Site "Czech Republic"]
[Date "2010.03.28"]
[Round "10.6"]
[White "Michalcak, Lubomir"]
[Black "Smid, Jan Sr"]
[Result "1/2-1/2"]
[WhiteElo "2088"]
[BlackElo "1943"]
[PlyCount "35"]
[EventDate "2009.10.18"]
[EventType "team-tourn"]
[EventRounds "11"]
[EventCountry "CZE"]
[SourceTitle "EXT 2012"]
[Source "ChessBase"]
[SourceDate "2011.11.24"]
[SourceVersion "1"]
[SourceVersionDate "2011.11.24"]
[SourceQuality "1"]
[WhiteTeam "Znojmo"]
[BlackTeam "Stare Mesto III"]
[WhiteTeamCountry "CZE"]
[BlackTeamCountry "CZE"]

1. d4 d5 2. c4 c6 3. Nf3 Nf6 4. Nc3 e6 5. g3 Be7 6. Bg2 dxc4 7. Ne5 Nd5 8. Nxc4 Nb6 9. b3 Bb4 10. Bb2 Nd5 11. Qc2 Nxc3 12. Bxc3 Qxd4 13. Bxb4 Qxa1+ 14. Kd2 Qd4+ 15. Kc1 Qa1+ 16. Kd2 Qd4+ 17. Kc1 Qa1+ 18. Kd2 1/2-1/2

[Event "CZE-chT2E 0910"]
[Site "Czech Republic"]
[Date "2010.02.28"]
[Round "8.5"]
[White "Navratilik, Pavel"]
[Black "Michalcak, Lubomir"]
[Result "0-1"]
[WhiteElo "2183"]
[BlackElo "2088"]
[PlyCount "100"]
[EventDate "2009.10.18"]
[EventType "team-tourn"]
[EventRounds "11"]
[EventCountry "CZE"]
[SourceTitle "EXT 2012"]
[Source "ChessBase"]
[SourceDate "2011.11.24"]
[SourceVersion "1"]
[SourceVersionDate "2011.11.24"]
[SourceQuality "1"]
[WhiteTeam "Holesov"]
[BlackTeam "Znojmo"]
[WhiteTeamCountry "CZE"]
[BlackTeamCountry "CZE"]

1. d4 Nf6 2. c4 g6 3. Nc3 Bg7 4. e4 0-0 5. e5 Ne8 6. Bf4 d6 7. Nf3 Nd7 8. Qd2 c5 9. Ne4 cxd4 10. exd6 Nxd6 11. Nxd6 exd6 12. Be2 Qf6 13. Bg5 Qf5 14. 0-0 Nc5 15. Bh6 d3 16. Bxg7 dxe2 17. Bxf8 exf1Q+ 18. Rxf1 Kxf8 19. Qh6+ Ke7 20. Re1+ Be6 21. Ng5 a5 22. Qh4 Qf6 23. Qg3 h6 24. Nxe6 fxe6 25. h3 Rf8 26. Re2 g5 27. Qe3 Qf4 28. Qc3 a4 29. b4 axb3 30. axb3 Qf6 31. Qc2 Qf5 32. Qc3 Qd3 33. Qe1 Qxb3 34. Qa5 Kd7 35. Qa1 Rf4 36. Rd2 Rxc4 37. Qg7+ Kc6 38. Qe7 d5 39. Qe8+ Kb6 40. Qd8+ Kb5 41. Qe8+ Kb4 42. Qd8 Rc1+ 43. Kh2 Qb1 44. Ra2 Rh1+ 45. Kg3 Ne4+ 46. Kg4 Qd1+ 47. f3 Nf6+ 48. Kg3 Qe1+ 49. Rf2 Qe5+ 50. f4 Ne4+ 0-1

[Event "CZE-chT2E 0910"]
[Site "Czech Republic"]
[Date "2010.01.31"]
[Round "6.6"]
[White "Michalcak, Lubomir"]
[Black "Urban, Vlastimil"]
[Result "1/2-1/2"]
[WhiteElo "2088"]
[BlackElo "2039"]
[PlyCount "40"]
[EventDate "2009.10.18"]
[EventType "team-tourn"]
[EventRounds "11"]
[EventCountry "CZE"]
[SourceTitle "EXT 2012"]
[Source "ChessBase"]
[SourceDate "2011.11.24"]
[SourceVersion "1"]
[SourceVersionDate "2011.11.24"]
[SourceQuality "1"]
[WhiteTeam "Znojmo"]
[BlackTeam "Hustopece"]
[WhiteTeamCountry "CZE"]
[BlackTeamCountry "CZE"]

1. d4 d5 2. c4 dxc4 3. Nf3 a6 4. e3 c5 5. Bxc4 Nc6 6. 0-0 Nf6 7. Nc3 b5 8. Ne5 Nxe5 9. dxe5 Qxd1 10. Rxd1 bxc4 11. exf6 exf6 12. Nd5 Ra7 13. e4 Be6 14. Be3 Rb7 15. Rac1 Bxd5 16. Rxd5 Rxb2 17. a4 c3 18. Rxc3 Be7 19. g3 Rb4 20. a5 Rxe4 1/2-1/2

[Event "CZE-chT2E 0910"]
[Site "Czech Republic"]
[Date "2009.10.18"]
[Round "1.5"]
[White "Michalcak, Lubomir"]
[Black "Koutny, Petr"]
[Result "1/2-1/2"]
[WhiteElo "2088"]
[BlackElo "2110"]
[PlyCount "75"]
[EventDate "2009.10.18"]
[EventType "team-tourn"]
[EventRounds "11"]
[EventCountry "CZE"]
[SourceTitle "EXT 2012"]
[Source "ChessBase"]
[SourceDate "2011.11.24"]
[SourceVersion "1"]
[SourceVersionDate "2011.11.24"]
[SourceQuality "1"]
[WhiteTeam "Znojmo"]
[BlackTeam "Zlin II"]
[WhiteTeamCountry "CZE"]
[BlackTeamCountry "CZE"]

1. d4 d5 2. c4 Nc6 3. Nf3 Bg4 4. cxd5 Bxf3 5. dxc6 Bxc6 6. Nc3 e6 7. e4 Bb4 8. f3 Qh4+ 9. g3 Qh5 10. Bg2 0-0-0 11. Be3 f5 12. Qb3 Bxc3+ 13. bxc3 fxe4 14. fxe4 Nf6 15. Qxe6+ Kb8 16. Rb1 Qe8 17. Qxe8 Rhxe8 18. 0-0 Bxe4 19. Rbe1 Bxg2 20. Kxg2 Kc8 21. Bg5 Rxe1 22. Rxe1 Kd7 23. Bxf6 gxf6 24. Kf3 Rg8 25. g4 Rg5 26. c4 Ra5 27. Re2 Ra3+ 28. Ke4 Rc3 29. c5 c6 30. Rf2 Ke6 31. h4 Rh3 32. h5 b6 33. cxb6 axb6 34. Rb2 b5 35. Rc2 Kd6 36. Rf2 Ke6 37. Rc2 Kd6 38. Rf2 1/2-1/2

[Event "Tatry op"]
[Site "Tatranske Zruby"]
[Date "2007.09.24"]
[Round "4"]
[White "Michalcak, Lubomir"]
[Black "Kulago, Alexander"]
[Result "0-1"]
[WhiteElo "2022"]
[BlackElo "2146"]
[PlyCount "97"]
[EventDate "2007.09.22"]
[EventType "swiss"]
[EventRounds "9"]
[EventCountry "SVK"]
[SourceTitle "CBM 120 Extra"]
[Source "ChessBase"]
[SourceDate "2007.11.01"]
[SourceVersion "1"]
[SourceVersionDate "2007.11.01"]
[SourceQuality "1"]

1. d4 d5 2. c4 e6 3. Nc3 Nf6 4. cxd5 exd5 5. Bg5 c6 6. Qc2 Be7 7. e3 Nbd7 8. Bd3 Nh5 9. Bxe7 Qxe7 10. Nge2 g6 11. 0-0-0 Nb6 12. h3 Ng7 13. g4 h5 14. Nf4 g5 15. Nxh5 Nxh5 16. gxh5 Rxh5 17. Bf5 Bxf5 18. Qxf5 Qe6 19. Qg4 Qg6 20. e4 Rh4 21. Qg3 0-0-0 22. e5 Rdh8 23. Rhg1 R8h5 24. e6 Qxe6 25. Rge1 Qd7 26. Qe5 Nc4 27. Qg7 Nd6 28. Re2 f5 29. Re7 Qd8 30. Rde1 Rh7 31. Qxh7 Rxh7 32. Rxh7 Ne4 33. f3 Qg8 34. Re7 g4 35. Nxe4 fxe4 36. f4 g3 37. Re5 g2 38. Rg5 Qf8 39. Rxg2 Qxf4+ 40. Kb1 Qf3 41. Reg1 Qd3+ 42. Ka1 Kc7 43. Rg7+ Kb6 44. a3 Qxh3 45. R1g3 Qf1+ 46. Ka2 Ka6 47. Re7 Qc4+ 48. Rb3 b5 49. Re6 0-1

[Event "Brno Trade op"]
[Site "Brno"]
[Date "2007.08.26"]
[Round "1"]
[White "Krejci, Dalibor"]
[Black "Michalcak, Lubomir"]
[Result "0-1"]
[WhiteElo "1862"]
[BlackElo "2022"]
[PlyCount "58"]
[EventDate "2007.08.26"]
[EventType "swiss"]
[EventRounds "7"]
[EventCountry "CZE"]
[SourceTitle "EXT 2008"]
[Source "ChessBase"]
[SourceDate "2007.11.25"]
[SourceVersion "1"]
[SourceVersionDate "2007.11.25"]
[SourceQuality "1"]

1. e4 c6 2. d4 d5 3. exd5 cxd5 4. Bd3 Nc6 5. c3 Nf6 6. Bf4 Bg4 7. Qb3 Qd7 8. Nd2 e6 9. Ngf3 Bd6 10. Ne5 Qc7 11. 0-0 0-0 12. h3 Bh5 13. Rfe1 Rfc8 14. Bg3 Rab8 15. f4 Bg6 16. Bxg6 hxg6 17. Re3 b5 18. Qd1 b4 19. Qf3 Qb6 20. Nxc6 Rxc6 21. Rb1 Qa6 22. Bh4 bxc3 23. Rxc3 Rxc3 24. Qxc3 Bxf4 25. Bxf6 gxf6 26. a3 Rc8 27. Qb4 Qd3 28. Qb7 Qxd4+ 29. Kh1 Rb8 0-1

[Event "CZE-chT2d 0405"]
[Site "Czech Republic"]
[Date "2005.??.??"]
[Round "8"]
[White "Vachtfeidl, Petr"]
[Black "Michalcak, Lubomir"]
[Result "1-0"]
[WhiteElo "2105"]
[BlackElo "2050"]
[PlyCount "42"]
[EventDate "2004.10.??"]
[EventType "team"]
[EventRounds "11"]
[EventCountry "CZE"]
[SourceTitle "EXT 2007"]
[Source "ChessBase"]
[SourceDate "2006.11.23"]
[SourceVersion "1"]
[SourceVersionDate "2006.11.23"]
[SourceQuality "1"]

1. e4 c6 2. d4 d5 3. exd5 cxd5 4. c3 Bf5 5. Qb3 Nf6 6. Qxb7 Nbd7 7. Nf3 e5 8. Nxe5 Nxe5 9. dxe5 Bc5 10. Bb5+ Nd7 11. Qxd5 Bxf2+ 12. Kxf2 0-0 13. Na3 Rb8 14. g3 Qe7 15. Qd6 Qe8 16. Rd1 Rxb5 17. Nxb5 Nxe5 18. Nc7 Ng4+ 19. Kg1 Qa4 20. b3 Qa5 21. Ba3 Re8 1-0

[Event "CZE-chT2d 0304"]
[Site "Czech Republic"]
[Date "2003.??.??"]
[Round "?"]
[White "Macharacek, Simon"]
[Black "Michalcak, Lubomir"]
[Result "1-0"]
[WhiteElo "2180"]
[BlackElo "2070"]
[PlyCount "65"]
[EventDate "2003.??.??"]
[EventType "team"]
[EventRounds "11"]
[EventCountry "CZE"]
[SourceTitle "EXT 2007"]
[Source "ChessBase"]
[SourceDate "2006.11.23"]
[SourceVersion "1"]
[SourceVersionDate "2006.11.23"]
[SourceQuality "1"]

1. e4 c6 2. d4 d5 3. Nc3 dxe4 4. Nxe4 Bf5 5. Nc5 b6 6. Nb3 Nf6 7. Nf3 e6 8. Be2 Bd6 9. Bg5 Nbd7 10. 0-0 0-0 11. Nh4 Bg6 12. Nxg6 hxg6 13. Nd2 Qc7 14. g3 c5 15. c3 Rac8 16. Ba6 Rb8 17. a4 Qc6 18. Re1 cxd4 19. cxd4 Qd5 20. Be3 Bb4 21. Bc4 Qf5 22. Qb3 a5 23. Bf4 Bxd2 24. Bxd2 Rbc8 25. Bf4 Rfd8 26. Ba6 Qh3 27. Bxc8 Ng4 28. Qf3 Qxh2+ 29. Kf1 Rxc8 30. Rac1 Qh3+ 31. Ke2 Re8 32. Rh1 Nh2 33. Rxh2 1-0

[Event "Moravia-ch"]
[Site "Moravia"]
[Date "1997.??.??"]
[Round "?"]
[White "Smistik, Milan"]
[Black "Michalcak, Lubomir"]
[Result "1-0"]
[WhiteElo "2105"]
[BlackElo "1910"]
[PlyCount "91"]
[EventDate "1997.??.??"]
[EventType "swiss"]
[EventRounds "9"]
[EventCountry "CZE"]
[SourceTitle "EXT 1999"]
[Source "ChessBase"]
[SourceDate "1998.11.16"]
[SourceVersion "1"]
[SourceVersionDate "1998.11.16"]
[SourceQuality "1"]

1. e4 c6 2. d4 d5 3. Bd3 dxe4 4. Bxe4 Nf6 5. Bf3 Bf5 6. Ne2 e6 7. 0-0 Bd6 8. c4 0-0 9. Nbc3 Qc7 10. g3 Nbd7 11. Be3 a6 12. Rc1 c5 13. Bg2 Rab8 14. b3 Rfd8 15. d5 Ne5 16. Bg5 Be7 17. Bxf6 Bxf6 18. Ne4 Be7 19. N2c3 b5 20. f4 Ng4 21. Qe2 bxc4 22. h3 exd5 23. Nxd5 Rxd5 24. hxg4 Bxe4 25. Bxe4 Rd4 26. Rxc4 Rbd8 27. Rxd4 Rxd4 28. Re1 Rd7 29. Bf5 Kf8 30. Bxd7 Qxd7 31. Qxa6 g6 32. Qe2 Bf6 33. a4 Qd5 34. Rb1 Bc3 35. Kh2 g5 36. Qc2 Qf3 37. Qxh7 Qxg4 38. Qh6+ Ke8 39. Qxg5 Qe2+ 40. Kh3 Qc2 41. Qxc5 Qxb1 42. Qxc3 f5 43. Kh4 Qd1 44. Kg5 Qd8+ 45. Kxf5 Qd7+ 46. Kg5 1-0